Normal view
MARC view
- مانغ،فيليب ، بن عرفة،عبد العزيز /ترجمة
Entry Personal Name
001 - CONTROL NUMBER
- control field: 24627
003 - CONTROL NUMBER IDENTIFIER
- control field: JO-AjAnu
005 - DATE AND TIME OF LATEST TRANSACTION
- control field: 20230606074223.0
008 - FIXED-LENGTH DATA ELEMENTS
- fixed length control field: 230606|| aca||aabn | a|a d
040 ## - CATALOGING SOURCE
- Original cataloging agency: JO-AjAnu
- Transcribing agency: JO-AjAnu
100 ## - HEADING--PERSONAL NAME
- Personal name: مانغ،فيليب ، بن عرفة،عبد العزيز /ترجمة
670 ## - SOURCE DATA FOUND
- Source citation: Work cat.: (JO-AjAnu)12666: مانغ،فيليب ، بن عرفة،عبد العزيز /ترجمة, author, جيل دلوز أو نسق المتعدد